000 00332nam a22001097a 4500
008 170814b xxu||||| |||| 00| 0 eng d
100 _aBrady, Lynn
245 _aHandbook of philatelic forgeries, Korean Empire
260 _aSeattle, WA
_bConk-Singleton Co.
_c1962
650 _aKorea | Forgeries and Counterfeits
700 _aTyler, Varro
999 _c2471
_d2471